000 00304nam a22001457a 4500
008 221213b ||||| |||| 00| 0 eng d
020 _a9781612505220
041 _aeng
080 _a004
082 _a004BOU
100 _a19
101 _aSHKP
245 _aDATA WISE
_cBOUDETT.P.K
942 _2udc
_cBK
999 _c59176
_d59176